Journal of Soil and water conservation (Record no. 14018)
[ view plain ]
| 000 -LEADER | |
|---|---|
| fixed length control field | 00243nam a22000977a 4500 |
| 022 ## - INTERNATIONAL STANDARD SERIAL NUMBER | |
| ISSN | 0022-457X |
| 082 ## - DEWEY DECIMAL CLASSIFICATION NUMBER | |
| Classification number | 631.54 |
| 245 ## - TITLE STATEMENT | |
| Title | Journal of Soil and water conservation |
| 260 ## - PUBLICATION, DISTRIBUTION, ETC. (IMPRINT) | |
| Place of publication | New Delhi |
| Name of publisher | Soil conservation society of India |
| 942 ## - ADDED ENTRY ELEMENTS (KOHA) | |
| Koha item type | Periodicals |
| Home library | Current library | Shelving location | Date acquired | Full call number | Koha item type |
|---|---|---|---|---|---|
| KAUAET | KAUAET | Journals | 22/05/2013 | 631.54 | Periodicals |
